The economics of tourism (Record no. 440941)

000 -LEADER
fixed length control field 00553cam a22001817a 4500
008 - FIXED-LENGTH DATA ELEMENTS--GENERAL INFORMATION
fixed length control field 180718b2010 xxu||||| |||| 00| 0 eng d
020 ## - INTERNATIONAL STANDARD BOOK NUMBER
International Standard Book Number 9780415459396
082 ## - DEWEY DECIMAL CLASSIFICATION NUMBER
Classification number OA6x42 St11
100 ## - MAIN ENTRY--PERSONAL NAME
Personal name Stabler, Mike J.
245 ## - TITLE STATEMENT
Title The economics of tourism
Statement of responsibility, etc. by Mike J. Stabler, Andreas Papatheodorou and M. Thea Sincla
260 ## - PUBLICATION, DISTRIBUTION, ETC.
Place of publication, distribution, etc. Oxon
Name of publisher, distributor, etc. Routledge
Date of publication, distribution, etc. 2010
300 ## - PHYSICAL DESCRIPTION
Extent 506p.
650 ## - SUBJECT ADDED ENTRY--TOPICAL TERM
Topical term or geographic name entry element Leisure --Economic aspects
650 ## - SUBJECT ADDED ENTRY--TOPICAL TERM
Topical term or geographic name entry element Tourism
650 ## - SUBJECT ADDED ENTRY--TOPICAL TERM
Topical term or geographic name entry element Tourism --Great Britain --Marketing
700 ## - ADDED ENTRY--PERSONAL NAME
Personal name Sincla, M. Thea
700 ## - ADDED ENTRY--PERSONAL NAME
Personal name Papatheodorou, Andreas
Holdings
Withdrawn status Lost status Damaged status Not for loan Permanent Location Current Location Date acquired Full call number Barcode Date last seen Price effective from Koha item type
        Indian Institute of Public Administration Indian Institute of Public Administration 2010-07-20 OA6x42 St11 83832 2018-07-21 2018-07-21 Book

Powered by Koha